LEADER 02882nam 22006133 450 001 9911064826403321 005 20260213105442.0 010 $a958-732-696-2 035 $a(CKB)38541334100041 035 $a(MiAaPQ)EBC32023357 035 $a(Au-PeEL)EBL32023357 035 $a(OCoLC)1517264001 035 $a(NyNyDIG)DIGUCAUCA0176 035 $a(BIP)121291662 035 $a(MdBmJHUP)musev2_137303 035 $a(EXLCZ)9938541334100041 100 $a20250426d2024 uy 0 101 0 $aspa 135 $aur||||||||||| 181 $ctxt$2rdacontent 182 $cc$2rdamedia 183 $acr$2rdacarrier 200 10$aDesde la RaíZ. Transferencia y Transformación 205 $a1st ed. 210 1$aBogota :$cUniversidad del Cauca,$d2024. 210 4$d©2024. 215 $a1 online resource (0 pages) 311 08$a958-732-695-4 330 $aDesde la Rai?z es una obra fascinante que sumerge al lector en las rai?ces del conocimiento y la innovacio?n. A trave?s de an?os de dedicacio?n, investigacio?n y dia?logo con los protagonistas de la tierra, como los campesinos productores de yuca, transformadores en almido?n y visionarios empresarios del pla?stico, esta obra florece en el contexto del proyecto Bio-transferencia. Con una perspectiva u?nica desde el suroccidente colombiano, ofrece una gui?a pra?ctica para desarrollar estrategias metodolo?gicas efectivas en la transferencia de conocimientos y tecnologi?as. Este testimonio vivo no solo abraza las discusiones sobre la transferencia, sino que tambie?n se erige como faro para futuras iniciativas. Dirigido a mentes inquietas en oficinas de transferencia, instituciones educativas, centros de investigacio?n y empresas, Desde la Rai?z cautiva a investigadores y estudiantes, proporcionando un puente entre la investigacio?n y la creacio?n de productos y servicios innovadores. Abre las puertas de la Transferencia de Conocimientos y Tecnologi?as a todos, invitando a explorar, aprender y transformar. 606 $aTECHNOLOGY & ENGINEERING$2bisacsh 606 $aAgriculture$2bisacsh 606 $aAgronomy$2bisacsh 606 $aAgronomie$zColombie 606 $aTransfert de technologie$zColombie 606 $aAgronomy$zColombia 606 $aTechnology transfer$zColombia 608 $aElectronic books. 615 7$aTECHNOLOGY & ENGINEERING. 615 7$aAgriculture. 615 7$aAgronomy. 615 6$aAgronomie 615 6$aTransfert de technologie 615 0$aAgronomy 615 0$aTechnology transfer 676 $a338.9/26 700 $aPortela Guari?n$b Hugo$01826058 701 $aHugo Portela Guarín$01894754 801 0$bMiAaPQ 801 1$bMiAaPQ 801 2$bMiAaPQ 906 $aBOOK 912 $a9911064826403321 996 $aDesde la RaíZ. Transferencia y Transformación$94546433 997 $aUNINA